Statistics for 8 Most Popular Foods in America

Click here to take the quiz!

General Stats

  • This quiz has been taken 45 times
  • The average score is 2 of 8

Answer Stats

%Answer% Correct
84%Hamburger
85%
82%Fried Chicken
37%
82%French Fries
34%
84%Cheeseburgers
10%
83%Grilled Cheese
10%
85%Mashed Potatoes
10%
83%Steak and Baked Potatoes
5%
81%Corn on the Cob
2%

Score Distribution

Percentile by Number Answered

Percent of People with Each Score

Your Score History

You have not taken this quiz